Quizzes
Events
Quiz Creation
Community
Videos
Private Events
Remove Ads
Sign In
Join for FREE
Feedback
Dark Mode
Quiz Categories
Sports
Geography
Music
Movies
Television
Just For Fun
Miscellaneous
History
Literature
Language
Science
Gaming
Entertainment
Religion
Holiday
For Kids
Quiz Lab
Recent
Popular Today
Quiz Kudos Today
Editor Picks
Curator Picks
Quizzes by...
Day
Popularity
Type
Ratings
Length
Year
Community
Subscriptions
Recent Discussions
Orange Saloon
Badges
Playlists
Quests
Create
Leaderboards
Showdown
Live 5
Trivia Bingo
Activity
Puzzle Library
Sporcle Events
Private Events
Virtual Trivia
Globe League
Become a Host
Pub Owners
SporcleCon
Opinionation
Our Games
Videos
Blog
Mobile Apps
Partnerships
Remove Ads and Go Orange
Feedback
Gaming
Video Games
Board Games
Card Games
Pokémon
Mario
Nintendo
Minecraft
Console
Toys
Legend of Zelda
Gaming
Video Games
Board Games
Card Games
Pokémon
Mario
Nintendo
Minecraft
Console
Toys
Legend of Zelda
Random Quiz
Search Sporcle
×
Quiz Lab
Quiz Lab
Gaming
Nintendo
Type in answers that appear in a list
Type in answers that appear in a list
Classic
Best Score? Go Orange.
Can You Name My SNES Collection (with Clues) Stats
Can You Name My SNES Collection (with Clues)?
By
sparkman
25m
123 Questions
285 Plays
285 Plays
285 Plays
Comments
Comments
Give Quiz Kudos
Give Quiz Kudos
-
- Ratings
hide this ad
Replay
Link that replays current quiz
Next Quiz
Link to next quiz in quiz playlist
You Got
0%
They Got
Avg Score
59%
Avg Friend Score
Upgrade to see
Score Distribution
Jump to the score distribution portion of the page
Score
0/123
Timer
25:00
0
Plays Today
Clue
Game
% Correct
Mario's First Adventure on the SNES
Super Mario World
98.2%
Collection of Classic Mario Titles
Super Mario All Stars
97.5%
First Mario Racer with Green Shells & Bananas
Super Mario Kart
97.2%
RPG Called Mother In Japan starring Ness
Earthbound
96.8%
Cartoon with ...Maniacs
Animaniacs
96.7%
Mario, Bowser & Peach vs Smithy
Mario RPG Legend of the Seven Stars
96.5%
First In a Series of Mega Man Spinoff Games
Megaman X
95.8%
Crono & Lucca travel to Time Periods to Change the World
Chrono Trigger
95.5%
Starring Samus Aran
Super Metroid
95.4%
Mario Is Drawing & Painting with the Mouse
Mario Paint
95.1%
Baby Mario & the Yoshi Clan Up against Baby Bowser & Kamek
Yoshi's Island
94.7%
Turtles Go Back In Time
Teenage Mutant Ninja Turtles IV Turtles In Time
94.6%
Boxing Game with Comedy Characters
Super Punch Out
93.9%
The Original RPG Farming Simulation
Harvest Moon
93.7%
Second In a Series of Mega Man Spinoff Games
Megaman X2
93.5%
Thomas, James, Henry, Gordon & Percy are Trains
Thomas the Tank Engine
93.5%
Disney Film starring Belle
Beauty & the Beast
93.2%
Donkey & Diddy Kong's first Adventure
Donkey Kong Country
93%
The Blue Clad Hero's 7th Adventure
Megaman 7
92.9%
Even More Bombs
Super Bomberman 4
92.8%
Simon Belmont vs Dracula
Super Castlevania IV
92.8%
Capcom's Blue Clad Hero Playing Soccer
Megaman Soccer
92.1%
Based on a Film with Jim Carrey with a Green Mask
The Mask
92.1%
Starring Firebrand the Demon
Demon's Crest
92.1%
Kirby In Dream Land
Kirby's Dream Land 3
92%
Collection of Pink Puff Ball Games
Kirby's Fun Pak
92%
More Kong Fun with Diddy & Dixie
Donkey Kong Country 2
91.9%
Even More Kong Fun with Dixie & Kiddy
Donkey Kong Country 3
91.9%
Bombs
Super Bomberman
91.8%
Play as God In this Building Sim/
Platformer
ActRaiser
91.2%
Link's only SNES adventure
The Legend of Zelda a Link to the Past
91.2%
RPG Loosely Connected to Illusion of Time & Terranigma
Soul Blazer
91.2%
Master Higgins Goes on an Adventure to Rescue His Girlfriend Tina
Super Adventure Island
90.9%
Luigi Searches the World to try & Find Mario
Mario Is Missing
90.9%
RPG Loosely Connected to Illusion of Time & Soul Blazer
Terranigma
90.6%
Disney Platformer starring Abu, Jasmine, Jafar & the Genie
Aladdin
90.5%
Futuristic Racer Like Wipeout
F-Zero
90.2%
Construct Your Own City
Sim City
90.2%
RPG with Dragons In a Lagoon
Bahamut Lagoon
89.9%
Starring Fox McCloud
Starwing
89.8%
Top Down Shooter with the Shrine Maiden & a Raccoon 2nd In the Series
Pocky & Rocky 2
89.5%
Clue
Game
% Correct
Ryu the Dragon Boy's First Adventure
Breath of Fire
89.3%
Starring Ryu, Ken, Guile, E Honda, Chun Li etc
Street Fighter 2 Turbo
89.1%
Luke Skywalker & Han Solo
Super Star Wars
89.1%
2nd Game In Midway's Famous Beat em Up Series
Mortal Kombat II
88.5%
Basketball
NBA Jam
88.4%
Puzzle game with Mario Characters
Tetris Attack
88.3%
Chaos on an Island full of Dinosaurs
Jurassic Park
88.2%
2nd Game In the Rocket Knight Games
Sparkster
88.1%
Strategy RPG the Liberation Army takes on the Empress Endora & Rashidi
Ogre Battle March of the Black Queen
88.1%
Claymation Beat em Up
Clayfighter
88.1%
Cody takes to the Streets to Fight for Justice
Final Fight
88%
RPG 3 Young Warriors Set out to Stop the Revival of the Mana Fortress
Secret of Mana
87.7%
RPG starring Ratix on the Planet of Roak
Star Ocean
87.7%
Action RPG Start as a Fish, then a Dinosaur etc on your Path to Eden
E.V.O Search for Eden
87.6%
Cowboy Westen themed Run & Gunner
Sunset Riders
87.4%
Nordic Heroes are Lost
Lost Vikings
87%
Ryu's Second Adventure
Breath of Fire 2
87%
Game released In 2013 starring 2 Leprechauns
Nightmare Busters
86.8%
RPG with Boy who Builds Robots
Robotrek
86.8%
Starring the Ninja Goemon
Legend of the Mystical Ninja
86.7%
Doh
Arkanoid
86.6%
Blue Clad Hero & His Partner
Megaman & Bass
86.5%
Racer, Put It Into .... Gear
Top Gear
86.5%
Sequel to Desert Strike
Jungle Strike
86.5%
Firefighting Game
The Firemen
86.5%
Puzzle Game with Wario & Toad
Wario's Woods
86.3%
Wizards Invade Putty Land
Putty Squad
86.2%
3rd Game In this Scrolling Shoot em Up Franchise
Gradius III
86%
6 Heroes try to Save the Mana Tree from the God Beasts
Secret of Mana 2
85.9%
First Person Fixed Shoot em Up, Wild West Theme
Wild Guns
85.8%
A Blob of Putty
Super Putty
85.7%
Flight Sim with Pilots
Pilotwings
85.6%
Mickey Mouse
The Magical Quest starring Mickey Mouse
85.5%
Point n Click Game where Jennifer tries to Find Her Friends In a Spooky Mansion
Clock Tower
85.4%
Jake Armitage who Is a Target for Hitmen
Shadowrun
85.4%
Very Colourful & Strange Shoot em Up
Parodius
85.1%
Bombs & Bombs Fighting the Bad Bombers
Super Bomberman 2
84.9%
Top Down Shooter, Final Boss Is Veinion
Axelay
84.8%
RPG By Namco starring the Hero Cress
Tales of Phantasia
84.6%
Based on the American Cartoon starring a Dog
Family Dog
84.6%
Goofy & Max's Adventure
Goof Troop
84.6%
Clue
Game
% Correct
Batman takes on the Penguin
Batman Returns
84.6%
Beat em Up with Fulgore, Cinder, Riptor, Sabrewolf, Spinal etc
Killer Instinct
84.6%
Off Road Racing
Super Off Road
84.5%
Mario Goes Back In time to Find the Stolen Artifacts
Mario's Time Machine
84.2%
Capcom First Person Squad Shoot em Up
UN Squadron
84%
Another Assault Mech Shooter Very Similar to Above
Metal Warriors
83.7%
3rd Game In this Famous Arcade Scrolling Shooter Series
R-Type III the Third Lightning
83.6%
Superman Is Back
Death & Return of Superman
83.5%
Sky Heads Out to Save the World from Ashura & Raglan
Sky Blazer
83.5%
Light Gun Shoot em Up with Yoshi & Mario
Yoshi's Safari
83.2%
Bombingly Good Sequel this Time with Louies
Super Bomberman 3
82.8%
He's the Judge Deal with It
Judge Dredd
82.1%
Racer with Mice from Mars
Biker Mice From Mars
81.4%
Help a Boy & His Dog Get Back to Podunk In this Funny RPG
Secret of Evermore
81.4%
RPG with Will, Kara, Lilly, Lance, Erik, Seth & Neil Going to the Tower of Babel
Illusion of Time
81.4%
Early Action RPG Set In Lakeland, Like the Y's Series
Lagoon
81.4%
Racer with Unicycles
Unirally
81.1%
Cyborgs of Project Saber try to Save Earth
Run Saber
80.7%
Kirby as the Golf Ball
Kirby's Dream Course
79.6%
Caveman Platformer
Joe & Mac Caveman Ninja
79.6%
Turrican
Super Turrican
78.9%
Polygon Racer
Stunt Race FX
78.6%
Isometric Racer with Rock Music Influence
Rock n Roll Racing
77.5%
Battle Hordes of Aliens In this Tough Run n Gunner
Contra III the Alien Wars
76.9%
WWE/
WWF Beat em Up
WWF Raw
76.5%
Soccer Game
International Superstar Soccer
76.1%
Set on Cotton Island this Main Character Can throw His Limbs Bosses Include the Bobbins Bros & Flea Queen
Plok
75.8%
Help these Helpless Green Haired Rodents Characters to Safety
Lemmings 2 Tribes
75.8%
Puzzle Game Beginning with Z
Zoop
75.8%
War Game with Little Soldiers, But a Lot of them Become FODDER
Cannon Fodder
75.4%
? & Ghosts
Super Ghouls n Ghosts
75.4%
Very Hard Isometric Dungeon Adventure Inc worlds such as Galadonia, Atlena & Sonia's Fortress
Equinox
74.7%
Kirby Puzzle Game
Kirby's Ghost Trap
74.7%
Main Character Is an Alien Robot
B.O.B
74%
Racer with Suzulu, Raphael, Sumo San, Helmut, Frank, Hodja, Biff & Surf
Street Racer
72.6%
He's Made of Jelly & Can Morph Into Many Different Objects
Jelly Boy
72.6%
Racer with Hanna Barbera Characters
Turbo Toons
72.3%
Assault Mech Shooter
Cybernator
72.3%
Collection of Light Gun Games
Nintendo Scope 6
71.9%
Dinosaur Eating Puzzle Game their Very Hungry
Hungry Dinosaurs
71.9%
Christmas Time
Daze Before Christmas
68.8%
Quiz Playlist
Details
Report
Send in Message
Add To Playlist
Classic:
Type in answers that appear in a list
Last Updated: Jan 24, 2023
Quiz Scoreboard
CHALLENGE
Sign Up to Join the Scoreboard
Show All
Scores
Hide
Comments
May contain spoilers
Recently Published
College Basketball Coaching Resumes
by pancakes188
Sports
9m
Billboard Blitz: Fleetwood Mac
by CooCooCachoo
Music
15s
Presidents Visiting Landmarks
by Hejman
History
7m
More to Explore
Quiz From the Vault
Featured Blog Post
Where Did the Easter Bunny Come From?
hide this ad
You Might Also Like...
Tags
Nintendo Quiz
collection
Today's Top Quizzes in Gaming
Browse Gaming
hide this ad
Today's Top Quizzes in Nintendo
Browse Nintendo
Top Contributed Quizzes in Gaming
1
5-to-1: Consoles
2
7-to-1: Board Game Piece Blitz
3
5-to-1: Legend of Zelda
4
Destiny 2 exotic weapons by perk icons
5
League of Legends Pro Players by Career/Team History
6
Ultimate Genshin Impact Logic Puzzle (up to 4.3)
7
Franchise by Action Figure
8
Who's on the WWE 2K24 Cover?
9
Genshin Impact Logic Puzzle Quiz
10
Overwatch Logic Puzzle
Explore More
Trending Topics
Anime
Harry Potter
Marvel
Crossword
NBA
Disney
Kpop
Puzzle
Song
The Office
NFL
Soccer
WWE
Country
Pokémon
hide this ad
More By:
sparkman
Quiz
Plays
Rating
Category
Featured
Created
ATP Tennis Grand Slam Finals from 1990 Onwards?
1,309
3.33
Sports
Jul 28, 2014
Dark Souls 3-Grab Bag
1,007
4.67
Gaming
May 30, 2016
Super Metroid-Grab Bag
872
4.56
Gaming
Feb 9, 2012
Plants vs Zombies Garden Warfare 2-Grab Bag
852
5.00
Gaming
Apr 12, 2016
Far Cry 3-Wildlife
765
4.50
Gaming
Jan 3, 2013
Go to Creator's Profile
Score Distribution
Quiz Creator Spotlight
sparkman
Follow
Send a Message
Quizzes Created
-
Created Quiz Play Count
-
More By This Creator
Popular Quizzes Today
1
Find the US States - No Outlines Minefield
2
Find the Countries of Europe - No Outlines Minefield
3
The Countries of the World
4
Find the US States
5
Risky Map Clicking: Biggest States A-Z
6
US States
7
Popular People in 1961
8
Movies - When Are They Set?
More Gaming Quizzes
Which one is Master Chief?
Quiz Lab
Trending Quizzes
Risky Map Clicking: Least Populous States A-Z
1-10 Letter G Words
1-10 Letter F Words
Risky Map Clicking: Next State Alphabetically
Risky Map Clicking: Biggest States A-Z
Recently Updated
Leaping Animals
pecheneg
Reality TV Shows (A-Z)
bhenderson79
Rickey Henderson's Hall of Fame Teammates
pecheneg
Champions League XIs: Arsenal
pecheneg
Quick Pick: Celebrities in WWE's Hall of Fame
aduchscher
A-Z Keypad Blitz II
pecheneg
Multiple Oscar Actors
pecheneg
Mystery Phrase Blitz: Oscar 'Best Actors'
pecheneg
F. Scott Fitzgerald Novels
LTH
Pick 3 Villains
ddd62291
Trending Topics
Disney
Anime
Kpop
NBA
Marvel
Crossword
Harry Potter
Country
The Office
Song
Pokémon
Puzzle
NFL
WWE
Soccer
Your Account Isn't Verified!
In order to create a playlist on Sporcle, you need to verify the email address you used during registration. Go to your
Sporcle Settings
to finish the process.
Report this User
Report this user for behavior that violates our
Community Guidelines
.
Details:
Send Report
Go to the Sporcle.com Mobile Site →
Comments